000 01725cam a22004934i 4500
003 PE-LiUPU
005 20250731165646.0
008 150616s r 000 0 d
020 _a0801025796
035 _a(Sirsi) i9780801025792
040 _aPE-LiUPU
_bspa
_cPE-LiUPU
_erda
049 _aPRUA
082 0 4 _a016.2257
_bC26
_221
100 1 _aCarson, D. A.,
_eautor.
245 1 0 _aNew Testament Commentary Survey /
_cD. A. Carson.
264 1 _aGrand Rapids, Michigan :
_bBaker Books,
_c1996.
300 _a92 páginas ;
_c22 centímetros
336 _atext
_2rdacontent
337 _aunmediated
_2rdamedia
338 _avolume
_2rdacarrier
505 0 _aSupplements to the commentaries.- Individual commentaries of the books of the New Testament.
526 _aSEG44
526 _aSEG26
526 _aP151
526 _aP150
526 _aP149
526 _aP146
526 _aP145
526 _aP126
526 _aP125
526 _aP92
526 _aP75
526 _aP74
526 _aP27
526 _aP15
630 _aBiblia.
_pN.T.
_xComentarios.
910 _ajck
_bjvq
_cjck
942 _2ddc
_cBOOK
949 _aRC 016.2257 C26
_wDEWEY
_c1
_i42279
_d2015-11-16
_lCCODEBUL1
_mBUL
_q1
_r0
_sY
_tBOOK
_u2015-6-16
_xTEOLOGIA
_zUNKNOWN
_0COMPRA
_o.CIRCNOTE. No olvidar cambiar la fecha de devolución!!!!!!!
_o.STAFF. Colección General
994 _aC0
_bPEPRU
596 _a1
999 _aRC 016.2257 C26
_wDEWEY
_c60110
_i42279
_d60110
_f2021-11-8
_g5
_lCCODEBUL1
_mBUL
_q1
_r1
_sY
_tBOOK
_u2015-6-16
_xTEOLOGIA
_zUNKNOWN
_0COMPRA
_o.CIRCNOTE. No olvidar cambiar la fecha de devolución!!!!!!!
_o.STAFF. Colección General
980 _81
_gALBERTO SANCHEZ Responsable de Automatización